MARC details
| 000 -LEADER |
| fixed length control field |
03098cam a2200493 i 4500 |
| 001 - CONTROL NUMBER |
| control field |
200468178 |
| 003 - CONTROL NUMBER IDENTIFIER |
| control field |
TR-AnTOB |
| 005 - DATE AND TIME OF LATEST TRANSACTION |
| control field |
20260417135120.0 |
| 007 - PHYSICAL DESCRIPTION FIXED FIELD--GENERAL INFORMATION |
| fixed length control field |
ta |
| 008 - FIXED-LENGTH DATA ELEMENTS--GENERAL INFORMATION |
| fixed length control field |
260417t19851985ilu b 001 0 eng |
| 010 ## - LIBRARY OF CONGRESS CONTROL NUMBER |
| LC control number |
84001269 |
| 020 ## - INTERNATIONAL STANDARD BOOK NUMBER |
| International Standard Book Number |
0809311755 |
| Qualifying information |
(hardback) |
|
| International Standard Book Number |
9780809311750 |
| 035 ## - SYSTEM CONTROL NUMBER |
| System control number |
(CU-S)b1893285x-01ucs_sdi |
|
| System control number |
(OCoLC)10374791 |
| Canceled/invalid control number |
(OCoLC)59248686 |
| -- |
(OCoLC)1018008048 |
| -- |
(OCoLC)1037588931 |
|
| System control number |
(OCoLC)ocm10374791 |
|
| System control number |
(EXLNZ-01UCS_NETWORK)9912431137006531 |
|
| System control number |
(TR-AnTOB)200468178 |
| 040 ## - CATALOGING SOURCE |
| Original cataloging agency |
DLC |
| Language of cataloging |
eng |
| Description conventions |
rda |
| Transcribing agency |
DLC |
| Modifying agency |
BTCTA |
| -- |
UKV3G |
| -- |
BAKER |
| -- |
YDXCP |
| -- |
OCLCG |
| -- |
DEBBG |
| -- |
T8M |
| -- |
GBVCP |
| -- |
OCLCO |
| -- |
OCLCF |
| -- |
OCLCQ |
| -- |
OCLCO |
| -- |
CS1 |
| -- |
OCL |
| -- |
OCLCQ |
| -- |
J9U |
| -- |
OCLCQ |
| -- |
OCLCO |
| -- |
CPO |
| -- |
IPAAE |
| -- |
CAOXN |
| -- |
OCLCO |
| -- |
OCLCL |
| -- |
IG# |
| -- |
YBM |
| -- |
OCLCO |
| -- |
OCLCQ |
| -- |
OCLCL |
| -- |
OCLCA |
| -- |
UNB |
| -- |
OCLCQ |
| -- |
OCLCO |
| -- |
TR-AnTOB |
| 041 0# - LANGUAGE CODE |
| Language code of text/sound track or separate title |
İngilizce |
| 043 ## - GEOGRAPHIC AREA CODE |
| Geographic area code |
n-us--- |
| 050 04 - LIBRARY OF CONGRESS CALL NUMBER |
| Classification number |
PS379 |
| Item number |
.S437 1985 |
| 090 ## - LOCALLY ASSIGNED LC-TYPE CALL NUMBER (OCLC); LOCAL CALL NUMBER (RLIN) |
| Classification number (OCLC) (R) ; Classification number, CALL (RLIN) (NR) |
PS379 |
| Local cutter number (OCLC) ; Book number/undivided call number, CALL (RLIN) |
.S437 1985 |
| 100 1# - MAIN ENTRY--PERSONAL NAME |
| Personal name |
Searles, George J. |
| Fuller form of name |
(George John), |
| Dates associated with a name |
1944- |
| Relator term |
author |
| Relator code |
aut |
| Authority record control number or standard number |
http://id.loc.gov/authorities/names/n82243089 |
| 9 (RLIN) |
153767 |
| 245 14 - TITLE STATEMENT |
| Title |
The fiction of Philip Roth and John Updike / |
| Statement of responsibility, etc. |
George J. Searles. |
| 264 #1 - PRODUCTION, PUBLICATION, DISTRIBUTION, MANUFACTURE, AND COPYRIGHT NOTICE |
| Place of production, publication, distribution, manufacture |
Carbondale [Ill.] : |
| Name of producer, publisher, distributor, manufacturer |
Southern Illinois University Press, |
| Date of production, publication, distribution, manufacture, or copyright notice |
1985. |
|
| Date of production, publication, distribution, manufacture, or copyright notice |
©1985 |
| 300 ## - PHYSICAL DESCRIPTION |
| Extent |
ix, 197 pages ; |
| Dimensions |
23 cm |
| 336 ## - CONTENT TYPE |
| Content type term |
text |
| Content type code |
txt |
| Source |
rdacontent |
| 337 ## - MEDIA TYPE |
| Media type term |
unmediated |
| Media type code |
n |
| Source |
rdamedia |
| 338 ## - CARRIER TYPE |
| Carrier type term |
volume |
| Carrier type code |
nc |
| Source |
rdacarrier |
| 490 0# - SERIES STATEMENT |
| Series statement |
Crosscurrents/modern critiques/new series |
| 504 ## - BIBLIOGRAPHY, ETC. NOTE |
| Bibliography, etc. note |
Includes bibliographical references and index. |
| 505 00 - FORMATTED CONTENTS NOTE |
| Title |
Roth and Updike: Social Realists in an Unreal Society -- |
| -- |
"Roots": Ethnic/Cultural Backgrounds in Roth and Updike -- |
| -- |
Father and Sons: Family Relationships in Roth and Updike -- |
| -- |
Sons and Lovers: Romantic Involvement and Personal Morality in Roth and Updike -- |
| -- |
Secondary Themes in Roth and Updike: Materialism, Vocation, the Clergy, and Sport -- |
| -- |
Modus Operandi: The Literary Method of Roth and Updike -- |
| -- |
Other Modes: Roth and Updike as Experimental Writers -- |
| -- |
Conclusion: Assessments and Projections. |
| 520 ## - SUMMARY, ETC. |
| Summary, etc. |
In this comparative study of Philip Roth and John Updike, Searle examines their literary methods, provides background materials about each writer, and discusses their themes. He finds that Roth concentrates on the individual within the society, while Updike describes society's typical individual; Roth writes in the first person, Updike in the third; setting is incidental to Roth, while Updike can be considered a regional writer. He points out that both writers share themes such as ethnicity, interpersonal relationship, moral responsibility and guilt, and are preoccupied with subsidiary concerns such as Materialism, the importance of meaningful work, the fallen state of the clergy, and the idea of sport as metaphor. |
| 600 10 - SUBJECT ADDED ENTRY--PERSONAL NAME |
| Personal name |
Roth, Philip, |
| Dates associated with a name |
1933-2018 |
| General subdivision |
Criticism and interpretation |
| 9 (RLIN) |
153246 |
|
| Personal name |
Updike, John |
| General subdivision |
Criticism and interpretation |
| 9 (RLIN) |
153736 |
| 650 #0 - SUBJECT ADDED ENTRY--TOPICAL TERM |
| Topical term or geographic name entry element |
American fiction |
| Chronological subdivision |
20th century |
| General subdivision |
History and criticism |
| 9 (RLIN) |
93799 |
| 951 ## - EQUIVALENCE OR CROSS-REFERENCE--GEOGRAPHIC NAME/AREA NAME [OBSOLETE] [CAN/MARC only] |
| Geographic name |
cpk 0301010/l |
| -- |
jub 050885 |
|
| Geographic name |
MARS |
| 942 ## - ADDED ENTRY ELEMENTS (KOHA) |
| Source of classification or shelving scheme |
Library of Congress Classification |
| Koha item type |
Book |